Hoa Mí rừng
में बचाया:
| मुख्य लेखक: | |
|---|---|
| स्वरूप: | पुस्तक |
| भाषा: | Vietnamese |
| प्रकाशित: |
Hà Nội
Sân khấu
2018
|
| विषय: | |
| टैग : |
टैग जोड़ें
कोई टैग नहीं, इस रिकॉर्ड को टैग करने वाले पहले व्यक्ति बनें!
|
| Thư viện lưu trữ: | Trung tâm Học liệu Lê Vũ Hùng, Trường Đại học Đồng Tháp |
|---|
| LEADER | 00845pam a22002298a 4500 | ||
|---|---|---|---|
| 001 | 00044397 | ||
| 005 | 20190708150758.0 | ||
| 008 | 170830s2017 ||||||viesd | ||
| 020 | # | # | |c 0 |a 978 604 907 171 3 |
| 041 | 0 | # | |a vie |
| 082 | 1 | 4 | |a 895.922 334 |b H401M |
| 100 | 1 | # | |a Địch, Ngọc Lân |
| 245 | 1 | 0 | |c Địch Ngọc Lân |a Hoa Mí rừng |
| 260 | # | # | |a Hà Nội |c 2018 |b Sân khấu |
| 300 | # | # | |a 189 tr. |c 21 cm. |
| 500 | # | # | |a ĐTTS ghi: Liên hiệp các hội văn học nghệ thuật Việt Nam. Hội văn học nghệ thuật các dân tộc thiểu số Việt Nam |
| 653 | # | # | |a Truyện |
| 653 | # | # | |a Việt Nam |
| 653 | # | # | |a Văn học hiện đại |
| 852 | # | # | |j KD.0026025 |
| 910 | # | # | |d 8/7/2019 |
| 980 | # | # | |a Trung tâm Học liệu Lê Vũ Hùng, Trường Đại học Đồng Tháp |